| 000 | 00344nam a2200145Ia 4500 | ||
|---|---|---|---|
| 008 | 230917s9999||||xx |||||||||||||| ||und|| | ||
| 040 |
_e40021 _aMAIN |
||
| 041 | _aEnglish | ||
| 082 | _a822.09 B665A | ||
| 100 | _aBoulton, Marjorie | ||
| 245 | 0 | _aAnatomy of drama | |
| 260 |
_aLondon _bRoutledge _c1963 |
||
| 300 | _aix, 212 p. | ||
| 942 | _cBK | ||
| 999 |
_c130640 _d130640 |
||